| 000 | 00860cam a2200289 i 4500 | ||
|---|---|---|---|
| 001 | 5308 | ||
| 003 | BD-RjUL | ||
| 005 | 20211208234039.0 | ||
| 008 | 131224s1975 enk b 000 0 eng | ||
| 020 | _a071008045X | ||
| 020 | _a0710080468 (pbk.) | ||
| 035 | _a(BD-RjUL)5344 | ||
| 040 |
_aDLC _cDLC _dDLC _dBD-RjUL _beng |
||
| 041 | _aeng | ||
| 082 | 0 | 0 |
_a361.941 _bTOW 1975 |
| 245 | 0 | 0 |
_aTowards a new social work / _cedited by Howard Jones. |
| 260 |
_aLondon ; _aBoston : _bRoutledge and Kegan Paul, _c1975. |
||
| 300 |
_aviii, 176 p. ; _c23 cm. |
||
| 490 | 0 | _aLibrary of social work | |
| 504 | _aIncludes bibliographical references. | ||
| 650 | 0 |
_aSocial service _xVocational guidance. _916693 |
|
| 650 | 0 |
_aSocial service. _916694 |
|
| 700 | 1 |
_aJones, Howard, _d1918-2007. _916695 |
|
| 942 |
_2ddc _cBK |
||
| 999 |
_c5308 _d5308 |
||